Normal view
MARC view
- اجراءات جنائية -- محاكمة -- حكم -- طرق الطعن
Entry Topical Term
001 - CONTROL NUMBER
- control field: 10123
003 - CONTROL NUMBER IDENTIFIER
- control field: JO-AjAnu
005 - DATE AND TIME OF LATEST TRANSACTION
- control field: 20230606071927.0
008 - FIXED-LENGTH DATA ELEMENTS
- fixed length control field: 230606|| aca||aabn | a|a d
040 ## - CATALOGING SOURCE
- Original cataloging agency: JO-AjAnu
- Transcribing agency: JO-AjAnu
150 ## - HEADING--TOPICAL TERM
- Topical term or geographic name entry element: اجراءات جنائية -- محاكمة -- حكم -- طرق الطعن
670 ## - SOURCE DATA FOUND
- Source citation: Work cat.: (JO-AjAnu)5215: سلامة ، مامون محمد , author 10122, الاجراءات الجنائية في التشريع المصري